01203 a2200337 4500240014500000502006500145260001800210653003900228100003800267041000800305260001200313245011200325300001600437650002400453650002200477650002300499650001100522650001700533650002200550260002300572300001000595130000800605710008900613040001400702041000800716041000800724653002200732500001200754100008900766651001000855 aContribution des aliments de complément à la couverture des besoins nutritionnels des jeunes enfants : cas de la vallée de l'Ouémé aThèse pour l'obtention du Diplôme d'Ingénieur Agronome aAbomey-Calavi1 aNutrition et Sciences Alimentaires aMITCHIDIGNI, Irène Mèdémè bFr. bFSA/UAC aContribution of complementary foods to nutritional needs of young children : case study in Ouémé valley aXVIII-92 p. aBESOIN NUTRITIONNEL aNUTRITION HUMAINE a ETAT NUTRITIONNEL aENFANT aMALNUTRITION aVALLEE DE L'OUEME c18 Décembre 2002 b29 cm lFr. aAbomey-Calavi, Université d'Abomey-Calavi, Faculté des Sciences Agronomiques, Bj aSupport  bFr. bEn. 1aNutrition Humaine aAnnexes uAbomey-Calavi, Université d'Abomey-Calavi, Faculté des Sciences Agronomiques, Bj aBENIN